000
00402nam a2200133Ia 4500
008
100328s9999 xx 000 0 und d
082
_b
30858
100
_a
काळे विमल
245
_a
संमेलन जवळ आल
260
_b
जोशी ब्रदर्स
630
_a
संमेलन जवळ आल
730
_a
संमेलन जवळ आल
942
_c
BOOK
999
_c
521817
_d
521814